Gerald Ford Trivia - Statistics

General Stats
  • This quiz has been taken 27 times
  • The average score is 7 of 10
Answer Stats
# Question Answer % Correct
1 What political party was Ford part of? Republican
100%
2 He was vice president for Richard Nixon
100%
3 He is the only president to have never wonan ______ for vice president or president Election
91%
6 Ford pardoned this Richard Nixon who took partin the _______ scandal Watergate
91%
4 What University did Ford attend Michigan/Yale
86%
5 Who was Ford's vice president Nelson Rockefeller
68%
7 What state did Ford die in? California
50%
8 What state was Ford born in? Nebraska
45%
10 What occupation did Ford had, besides politician Lawyer
18%
9 Who was Ford's spouse Betty Bloomer
5%
No matching quizzes found
Score Distribution
Percent of People with Each Score
Percentile by Number Answered
Your Score History
You have not taken this quiz